[Event "Asti Alfieri Memorial 1st"]
[Site "Asti"]
[Date "2006.02.05"]
[Round "5"]
[White "Molina, Fabrizio"]
[Black "Rivello, Roberto"]
[Result "1/2-1/2"]
[WhiteElo "2264"]
[BlackElo "2269"]
[PlyCount "47"]
[EventDate "2006.02.02"]
[EventType "swiss"]
[EventRounds "6"]
[EventCountry "ITA"]
[SourceTitle "CBM 110 Extra"]
[Source "ChessBase"]
[SourceDate "2006.03.10"]
[SourceVersion "2"]
[SourceVersionDate "2006.03.10"]
[SourceQuality "1"]

1. c4 e5 2. g3 d6 3. Bg2 g6 4. Nc3 Bg7 5. d3 c6 6. Rb1 Ne7 7. Nf3 0-0 8. 0-0 h6 9. Qc2 Be6 10. b4 d5 11. Na4 b6 12. cxd5 cxd5 13. b5 Nd7 14. Ba3 Rc8 15. Qd2 Nc5 16. Qb4 Nxa4 17. Qxa4 Qd7 18. Ne1 Rc7 19. Nc2 a6 20. Ne3 Bf6 21. f4 Rfc8 22. fxe5 Bxe5 23. Bxe7 Qxe7 24. d4 1/2-1/2

[Event "SEMI A006 email"]
[Site "SEMI email"]
[Date "2000.01.10"]
[Round "?"]
[White "Bergamini, Lorenzo"]
[Black "Rivello, Roberto"]
[Result "1/2-1/2"]
[WhiteElo "2046"]
[BlackElo "2290"]
[PlyCount "127"]
[EventDate "2000.01.10"]
[EventType "tourn (corr)"]
[EventRounds "6"]
[EventCountry "ITA"]
[SourceTitle "Corr 2002"]
[Source "ChessBase"]
[SourceDate "2002.05.23"]
[SourceVersion "1"]
[SourceVersionDate "2002.05.23"]
[SourceQuality "1"]

1. d4 Nf6 2. c4 g6 3. Nc3 Bg7 4. e4 d6 5. f3 0-0 6. Be3 a6 7. Bd3 Nc6 8. Nge2 Nd7 9. 0-0 e5 10. d5 Nd4 11. Bb1 Nxe2+ 12. Qxe2 Qh4 13. Bc2 Bh6 14. Rae1 f5 15. Bxh6 Qxh6 16. exf5 gxf5 17. f4 Nf6 18. fxe5 Ng4 19. g3 dxe5 20. Nd1 f4 21. gxf4 exf4 22. Qd2 Bd7 23. Re7 Bf5 24. Bxf5 Rxf5 25. Re2 Kh8 26. Rg2 Ne5 27. Kh1 Qf6 28. b3 Re8 29. Nf2 f3 30. Rg3 h5 31. Qe3 Rg8 32. Ne4 Qf8 33. Rh3 Qg7 34. Ng3 Qg6 35. Qe4 Rgf8 36. Rg1 f2 37. Rf1 Rg5 38. Qxg6 Nxg6 39. Nxh5 Kg8 40. Rg3 Rxh5 41. Rxg6+ Kh7 42. Rg3 Rhf5 43. Kg2 Kh6 44. a3 a5 45. h3 b6 46. b4 axb4 47. axb4 Rf4 48. Rc3 Rg8+ 49. Kh2 Rgf8 50. b5 Kh5 51. Kg3 R4f5 52. Kg2 Kh4 53. Rg3 Rf4 54. c5 bxc5 55. Rg7 R8f5 56. Rh7+ Rh5 57. Rxh5+ Kxh5 58. Rxf2 Rd4 59. Rf7 Rxd5 60. Rxc7 c4 61. b6 Rb5 62. b7 Rb1 63. Kf3 c3 64. Rc5+ 1/2-1/2

[Event "ITA-chT"]
[Site "Italy"]
[Date "1995.??.??"]
[Round "?"]
[White "Contin, Daniel"]
[Black "Rivello, Roberto"]
[Result "0-1"]
[WhiteElo "2390"]
[BlackElo "2265"]
[PlyCount "80"]
[EventDate "1995.??.??"]
[EventType "team"]
[EventRounds "7"]
[EventCountry "ITA"]
[SourceTitle "EXT 2000"]
[Source "ChessBase"]
[SourceDate "1999.11.16"]
[SourceVersion "1"]
[SourceVersionDate "1999.11.16"]
[SourceQuality "1"]

1. c4 g6 2. Nc3 Bg7 3. g3 e5 4. Bg2 Ne7 5. d3 0-0 6. h4 h5 7. Nh3 d6 8. Bg5 f6 9. Bd2 c6 10. e4 Na6 11. Be3 Be6 12. Qd2 Kh7 13. b3 d5 14. exd5 cxd5 15. d4 exd4 16. Bxd4 dxc4 17. Nf4 Bf5 18. Bxb7 Nb4 19. 0-0 Rb8 20. Be4 Nbc6 21. Rfd1 Bxe4 22. Nxe4 Qxd4 23. Qxd4 Nxd4 24. Rxd4 f5 25. Ng5+ Kg8 26. Re1 Bxd4 27. Rxe7 c3 28. Nge6 c2 29. Nd3 Bf6 30. Rd7 Rfc8 31. Nc7 Be5 32. Nd5 c1Q+ 33. Kh2 Qa1 34. Ne7+ Kf7 35. Nxc8+ Ke8 36. Re7+ Kd8 37. Nxe5 Rxc8 38. Re6 Rc2 39. Kg2 Qxa2 40. Nd3 Qxb3 0-1

[Event "Cannes Martinez op"]
[Site "Cannes"]
[Date "1995.??.??"]
[Round "2"]
[White "Rivello, Roberto"]
[Black "Collas, Didier"]
[Result "1-0"]
[WhiteElo "2265"]
[BlackElo "2350"]
[PlyCount "115"]
[EventDate "1995.07.??"]
[EventType "swiss"]
[EventRounds "9"]
[EventCountry "FRA"]
[SourceTitle "EXT 1998"]
[Source "ChessBase"]
[SourceDate "1997.11.17"]
[SourceVersion "1"]
[SourceVersionDate "1997.11.17"]
[SourceQuality "1"]

1. e4 c5 2. Nf3 d6 3. d4 cxd4 4. Nxd4 Nf6 5. Nc3 a6 6. f4 Nbd7 7. a4 Qc7 8. Bd3 e6 9. 0-0 Be7 10. Kh1 0-0 11. Qe1 Re8 12. Nf3 Nc5 13. Be3 b6 14. Bxc5 Qxc5 15. e5 Nd5 16. Ne4 Qe3 17. exd6 Qxe1 18. Raxe1 Bf8 19. Ne5 Ra7 20. d7 Bxd7 21. Nxd7 Rxd7 22. Bxa6 Nc7 23. Bc4 Rd4 24. b3 Red8 25. g3 h6 26. Kg2 Be7 27. Kf3 g6 28. Nf2 Nd5 29. Bxd5 R4xd5 30. Rd1 Rd2 31. c3 Kf8 32. Rxd2 Rxd2 33. Rb1 f5 34. Re1 Kf7 35. Re2 Rd5 36. b4 g5 37. Ke3 Bf6 38. Rc2 e5 39. fxe5 Rxe5+ 40. Kd3 h5 41. Kc4 Ke6 42. Rd2 h4 43. gxh4 g4 44. h5 Re3 45. Rc2 Re5 46. Nd3 Re3 47. Re2 Bg5 48. Rxe3+ Bxe3 49. a5 bxa5 50. bxa5 Kd6 51. a6 Kc7 52. Kd5 Bd2 53. Ke6 f4 54. a7 Kb7 55. h6 g3 56. hxg3 fxg3 57. h7 Bxc3 58. Ne5 1-0

[Event "Cannes Martinez op"]
[Site "Cannes"]
[Date "1995.??.??"]
[Round "6"]
[White "Rivello, Roberto"]
[Black "Levacic, Patrick"]
[Result "0-1"]
[WhiteElo "2265"]
[BlackElo "2345"]
[PlyCount "98"]
[EventDate "1995.07.??"]
[EventType "swiss"]
[EventRounds "9"]
[EventCountry "FRA"]
[SourceTitle "EXT 1998"]
[Source "ChessBase"]
[SourceDate "1997.11.17"]
[SourceVersion "1"]
[SourceVersionDate "1997.11.17"]
[SourceQuality "1"]

1. e4 e6 2. d4 d5 3. Nd2 Ne7 4. Bd3 Nd7 5. Ndf3 c5 6. c3 Qa5 7. Ne2 c4 8. Bc2 dxe4 9. Ng5 Nd5 10. Nxe4 Be7 11. 0-0 N7f6 12. N2g3 h5 13. Nxf6+ Nxf6 14. Re1 h4 15. Ne4 h3 16. Nxf6+ Bxf6 17. g3 Bd7 18. Bf4 Bc6 19. Qe2 Qb5 20. Rab1 Qd5 21. Be4 Qxe4 22. Qxe4 Bxe4 23. Rxe4 Kd7 24. Be5 Kc6 25. Bxf6 gxf6 26. Rf4 f5 27. Re1 Rad8 28. Re5 b6 29. Kf1 Kd6 30. Ke2 f6 31. Rb5 Kc6 32. a4 a6 33. Rb4 b5 34. f3 Rdg8 35. Kf2 Rg5 36. g4 fxg4 37. Rxg4 Rxg4 38. fxg4 Rg8 39. Kf3 f5 40. gxf5 exf5 41. axb5+ axb5 42. b3 cxb3 43. Rxb3 Rg2 44. Kf4 Rxh2 45. Kxf5 Rc2 46. c4 bxc4 47. Rxh3 Kd5 48. Rf3 Re2 49. Rf1 c3 0-1

[Event "Cannes Martinez op"]
[Site "Cannes"]
[Date "1995.??.??"]
[Round "9"]
[White "Varga, Peter"]
[Black "Rivello, Roberto"]
[Result "1-0"]
[WhiteElo "2415"]
[BlackElo "2265"]
[PlyCount "103"]
[EventDate "1995.07.??"]
[EventType "swiss"]
[EventRounds "9"]
[EventCountry "FRA"]
[SourceTitle "EXT 1998"]
[Source "ChessBase"]
[SourceDate "1997.11.17"]
[SourceVersion "1"]
[SourceVersionDate "1997.11.17"]
[SourceQuality "1"]

1. d4 Nf6 2. c4 g6 3. Nc3 Bg7 4. e4 d6 5. h3 0-0 6. Bg5 c5 7. d5 Qa5 8. Bd2 e6 9. Bd3 Qb6 10. Nf3 exd5 11. cxd5 Nbd7 12. Qc2 a6 13. 0-0 Qc7 14. a4 b6 15. Rfe1 Re8 16. Bf4 Bb7 17. Bf1 Re7 18. Qd2 Ne8 19. Qd1 Ne5 20. Nd2 f5 21. exf5 gxf5 22. Nf3 Ng6 23. Bh2 Nf6 24. Qd3 Qd7 25. Rxe7 Nxe7 26. Nd2 Nfxd5 27. Nxd5 Nxd5 28. Nc4 f4 29. Qb3 Kh8 30. Rd1 Rg8 31. Kh1 Bc6 32. Nxb6 Nxb6 33. Qxb6 Be5 34. b3 Bb7 35. f3 Qg7 36. Rd2 a5 37. Bc4 Rf8 38. Rxd6 Bxd6 39. Qxd6 Qf6 40. Qxc5 Rd8 41. Bg1 Rd1 42. Kh2 Qg7 43. Be2 Rd5 44. Qc2 Qe5 45. Bc4 Rd6 46. Ba7 Rd7 47. Bb6 Qe1 48. Qb2+ Rg7 49. Bd4 Qg3+ 50. Kg1 Qe1+ 51. Bf1 Kg8 52. Bxg7 1-0

[Event "ITA-chT"]
[Site "Italy"]
[Date "1993.??.??"]
[Round "5"]
[White "Lostuzzi, Manlio"]
[Black "Rivello, Roberto"]
[Result "1-0"]
[WhiteElo "2335"]
[BlackElo "2235"]
[PlyCount "136"]
[EventDate "1993.??.??"]
[EventType "team"]
[EventRounds "9"]
[EventCountry "ITA"]
[SourceTitle "EXT 1999"]
[Source "ChessBase"]
[SourceDate "1998.11.16"]
[SourceVersion "1"]
[SourceVersionDate "1998.11.16"]
[SourceQuality "1"]

1. e4 c5 2. Nf3 d6 3. c3 Nf6 4. Be2 g6 5. 0-0 Bg7 6. Re1 0-0 7. Bf1 Nc6 8. d3 e5 9. Nbd2 b5 10. d4 Rb8 11. dxc5 dxc5 12. a4 a6 13. Qc2 Qe7 14. axb5 axb5 15. Be2 Nh5 16. Nf1 Nf4 17. Ne3 Be6 18. Bf1 Rfd8 19. g3 Nh5 20. Rd1 Rxd1 21. Qxd1 Nf6 22. Qc2 h6 23. Bd2 Qb7 24. Be1 Rd8 25. Nd2 c4 26. f3 Bf8 27. Bf2 Bc5 28. b4 cxb3 29. Nxb3 Bf8 30. Na5 Qc7 31. Nxc6 Qxc6 32. Qb2 Rb8 33. c4 b4 34. Nd5 Nd7 35. Ra5 b3 36. Bd3 Nc5 37. Qxe5 Bxd5 38. Qxb8 Nxd3 39. exd5 Qxc4 40. Ra8 Qb4 41. Qxb4 Nxb4 42. Ra3 b2 43. Rb3 Nxd5 44. Bd4 Bg7 45. Rb8+ Kh7 46. Bxb2 Bxb2 47. Rxb2 Kg7 48. Rd2 Ne7 49. Kf2 h5 50. h3 Kf6 51. f4 Ke6 52. g4 hxg4 53. hxg4 Nd5 54. Kg3 Kd6 55. Re2 Kd7 56. Re4 Kd6 57. Kh4 Nf6 58. Re2 Nd7 59. f5 gxf5 60. gxf5 Nc5 61. Re1 Kd5 62. Re7 f6 63. Kh5 Kd6 64. Re2 Nd7 65. Rd2+ Ke7 66. Rxd7+ Kxd7 67. Kg6 Ke7 68. Kg7 Ke8 1-0

[Event "Asiag Ludi Univ tt"]
[Site "Asiag"]
[Date "1991.??.??"]
[Round "2"]
[White "Rivello, Roberto"]
[Black "Borgo, Giulio"]
[Result "0-1"]
[WhiteElo "2235"]
[BlackElo "2345"]
[PlyCount "74"]
[EventDate "1991.09.07"]
[EventType "team"]
[EventRounds "5"]
[EventCountry "ITA"]
[SourceTitle "EXT 2002"]
[Source "ChessBase"]
[SourceDate "2001.11.25"]
[SourceVersion "1"]
[SourceVersionDate "2001.11.25"]
[SourceQuality "1"]

1. e4 c5 2. Nf3 Nc6 3. d4 cxd4 4. Nxd4 Nf6 5. Nc3 d6 6. Bg5 e6 7. Qd2 a6 8. 0-0-0 h6 9. Be3 Ng4 10. Nxc6 bxc6 11. Bc5 d5 12. Bxf8 Kxf8 13. h3 Nf6 14. g4 Rb8 15. Qd4 Qe7 16. exd5 cxd5 17. Bg2 Qb4 18. Qxb4+ Rxb4 19. Ne2 Ke7 20. a3 Rb6 21. Rhe1 Bd7 22. Nf4 Kd6 23. Nd3 Rc8 24. Ne5 Ba4 25. Rd2 Ke7 26. Kb1 g5 27. Re3 Ne8 28. b3 f6 29. Nd3 Kf7 30. h4 d4 31. Rh3 Bc6 32. Bxc6 Rbxc6 33. hxg5 hxg5 34. Nb2 e5 35. Nc4 Nc7 36. Rh7+ Ke6 37. Kb2 Nd5 0-1

[Event "Lloyds Bank op 11th"]
[Site "London"]
[Date "1987.??.??"]
[Round "8"]
[White "Prasad, Devaki V"]
[Black "Rivello, Roberto"]
[Result "1-0"]
[WhiteElo "2425"]
[BlackElo "2225"]
[PlyCount "49"]
[EventDate "1987.08.??"]
[EventType "swiss"]
[EventRounds "11"]
[EventCountry "ENG"]
[SourceTitle "TD"]
[Source "ChessBase"]
[SourceDate "1994.03.01"]
[SourceVersion "1"]
[SourceVersionDate "1994.03.01"]
[SourceQuality "1"]

1. e4 c5 2. Nf3 d6 3. d4 cxd4 4. Nxd4 Nf6 5. Nc3 e6 6. g4 Nc6 7. g5 Nd7 8. Be3 Be7 9. h4 0-0 10. Qe2 a6 11. Bg2 Nxd4 12. Bxd4 b5 13. e5 d5 14. a3 Nb8 15. f4 Nc6 16. Bf2 Qa5 17. 0-0 b4 18. axb4 Qxb4 19. Qd2 Na5 20. Ra4 Nc4 21. Qd4 Qxb2 22. Rxc4 dxc4 23. Bxa8 Qxc2 24. Be4 Qb3 25. Rb1 1-0

[Event "Lugano Open-12"]
[Site "Lugano"]
[Date "1987.??.??"]
[Round "?"]
[White "Wedberg, Tom"]
[Black "Rivello, Roberto"]
[Result "1-0"]
[WhiteElo "2480"]
[BlackElo "2225"]
[PlyCount "43"]
[EventDate "1987.02.??"]
[EventType "swiss"]
[EventRounds "9"]
[EventCountry "SUI"]
[SourceTitle "TD"]
[Source "ChessBase"]
[SourceDate "1994.03.01"]
[SourceVersion "1"]
[SourceVersionDate "1994.03.01"]
[SourceQuality "1"]

1. c4 g6 2. d4 Nf6 3. Nc3 Bg7 4. e4 d6 5. Nf3 0-0 6. Be2 e5 7. Be3 Ng4 8. Bg5 f6 9. Bh4 Nd7 10. Qc2 c6 11. Rd1 Qe7 12. 0-0 h5 13. Bg3 Rd8 14. b4 Nh6 15. c5 dxc5 16. bxc5 Nf7 17. Bc4 exd4 18. Bd6 Qe8 19. e5 Ndxe5 20. Nxe5 fxe5 21. Qxg6 b5 22. Ne4 1-0

[Event "Reggio Emilia-27 B 8485"]
[Site "Reggio Emilia"]
[Date "1985.01.05"]
[Round "10"]
[White "Johansen, Darryl Keith"]
[Black "Rivello, Roberto"]
[Result "1/2-1/2"]
[WhiteElo "2440"]
[BlackElo "2345"]
[PlyCount "93"]
[EventDate "1984.12.27"]
[EventType "tourn"]
[EventRounds "11"]
[EventCountry "ITA"]
[SourceTitle "EXT 2024"]
[Source "ChessBase"]
[SourceDate "2023.10.10"]
[SourceVersion "1"]
[SourceVersionDate "2023.10.10"]
[SourceQuality "1"]

1. d4 Nf6 2. Nf3 g6 3. Bf4 Bg7 4. e3 d6 5. Be2 0-0 6. h3 Nbd7 7. 0-0 b6 8. a4 a5 9. Na3 Bb7 10. Bh2 Ne8 11. Nc4 e6 12. c3 Qe7 13. Qb3 Kh8 14. Qa3 g5 15. b4 f5 16. bxa5 bxa5 17. Rab1 Bc6 18. Nfe5 Nxe5 19. Nxe5 Be4 20. Bd3 Bxd3 21. Nxd3 Qd7 22. Rb7 Nf6 23. c4 Qc6 24. Qb3 Rfc8 25. f3 Qe8 26. Kh1 g4 27. fxg4 fxg4 28. Nf2 gxh3 29. Nxh3 Rcb8 30. Rb5 Ng4 31. Bg3 c6 32. Rxb8 Rxb8 33. Qd3 e5 34. dxe5 dxe5 35. Be1 e4 36. Qe2 h5 37. Nf4 Rb3 38. Bxa5 Rxe3 39. Qc2 Kg8 40. c5 Qe7 41. Qc4+ Kh7 42. Nh3 Qe5 43. Bc7 Qxc7 44. Ng5+ Kh6 45. Nf7+ Kh7 46. Ng5+ Kh6 47. Nf7+ 1/2-1/2

[Event "Reggio Emilia-27 B 8485"]
[Site "Reggio Emilia"]
[Date "1984.12.31"]
[Round "5"]
[White "Passerotti, Pierluigi"]
[Black "Rivello, Roberto"]
[Result "1-0"]
[WhiteElo "2270"]
[BlackElo "2345"]
[PlyCount "103"]
[EventDate "1984.12.27"]
[EventType "tourn"]
[EventRounds "11"]
[EventCountry "ITA"]
[SourceTitle "EXT 2024"]
[Source "ChessBase"]
[SourceDate "2023.10.10"]
[SourceVersion "1"]
[SourceVersionDate "2023.10.10"]
[SourceQuality "1"]

1. f4 g6 2. Nf3 Bg7 3. g3 c5 4. Bg2 Nc6 5. 0-0 d6 6. d3 Nh6 7. e4 f5 8. c3 0-0 9. Qb3+ Kh8 10. Ng5 Qb6 11. Qxb6 axb6 12. Na3 Nd4 13. Bd2 Ne2+ 14. Kh1 Nxc3 15. e5 Na4 16. Nb5 Nxb2 17. Nc7 Ra7 18. exd6 exd6 19. Nce6 Bxe6 20. Nxe6 Nxd3 21. Nxf8 Bxf8 22. Rab1 Rxa2 23. Bc3+ Bg7 24. Bxg7+ Kxg7 25. Rxb6 Ng4 26. Rxd6 Rd2 27. Rd7+ Kh6 28. Re7 c4 29. h3 Ngf2+ 30. Kg1 c3 31. Rxb7 c2 32. Rc7 Ne4 33. g4 Nxf4 34. Rxf4 Rd1+ 35. Rf1 Rxf1+ 36. Bxf1 fxg4 37. hxg4 Nf6 38. Rxc2 Nxg4 39. Ra2 Ne3 40. Ba6 Kg5 41. Ra3 Nf5 42. Ra1 h5 43. Kh2 h4 44. Rg1+ Kh6 45. Bd3 Ne7 46. Ra1 Kg5 47. Rg1+ Kf6 48. Kh3 g5 49. Bb1 Nf5 50. Re1 Ne7 51. Kg2 Nf5 52. Kf3 1-0